LEADER 01890nam 2200529 450 001 9910798238003321 005 20230807211515.0 010 $a93-5150-463-8 010 $a93-5150-160-4 035 $a(CKB)3710000000611333 035 $a(EBL)4520178 035 $a(SSID)ssj0001613592 035 $a(PQKBManifestationID)16338734 035 $a(PQKBTitleCode)TC0001613592 035 $a(PQKBWorkID)14911675 035 $a(PQKB)10883622 035 $a(MiAaPQ)EBC4520178 035 $a(EXLCZ)993710000000611333 100 $a20160629h20152015 uy 0 101 0 $aeng 135 $aur|n|---||||| 181 $ctxt 182 $cc 183 $acr 200 00$aWhy you must know this man $ethe life and times of Amit Dutta Gupta /$fedited by Arjun Malhotra, Sushmita Sengupta 210 1$aNew Delhi, India :$cSage,$d2015. 210 4$dİ2015 215 $a1 online resource (333 p.) 300 $aDescription based upon print version of record. 311 $a93-5150-038-1 327 $aCover ; Content ; Introduction ; 1. The Beginning ; 2. Friends Forever ; 3. Coke before Computers ; 4. Game Changer ; 5. Profiting by Design ; 6 . Soft Turn to Success ; 7. Amit-The Leader and Mentor ; Khorkaai and Childhood ; Festivities ; Interests ; Unforgettable People ; Love for Nature ; Random Musings; Metamorphosis ; About the Editors 606 $aInformation technology$zIndia 606 $aBusinesspeople$zIndia$vBiography 606 $aComputer engineers$zIndia$vBiography 615 0$aInformation technology 615 0$aBusinesspeople 615 0$aComputer engineers 676 $a621.39092 702 $aMalhotra$b Arjun 702 $aSengupta$b Sushmita 801 0$bMiAaPQ 801 1$bMiAaPQ 801 2$bMiAaPQ 906 $aBOOK 912 $a9910798238003321 996 $aWhy you must know this man$93814847 997 $aUNINA LEADER 01206nam 2200397 450 001 9910825235003321 005 20230808203938.0 010 $a0-522-86996-3 035 $a(CKB)4100000007276721 035 $a(MiAaPQ)EBC5620256 035 $a(EXLCZ)994100000007276721 100 $a20190131d2016 uy 0 101 0 $aeng 135 $aurcnu|||||||| 181 $ctxt$2rdacontent 182 $cc$2rdamedia 183 $acr$2rdacarrier 200 14$aThe killing season uncut /$fSarah Ferguson with Patricia Drum 210 1$aCarlton, Victoria :$cMelbourne University Press,$d2016. 215 $a1 online resource (224 pages) 311 $a0-522-86995-5 606 $aNonfiction television programs$zAustralia 606 $aGovernment and the press$zAustralia 607 $aAustralia$xPolitics and government$y21st century 615 0$aNonfiction television programs 615 0$aGovernment and the press 676 $a994.07092 700 $aFerguson$b Sarah$0275772 702 $aDrum$b Patricia 801 0$bMiAaPQ 801 1$bMiAaPQ 801 2$bMiAaPQ 906 $aBOOK 912 $a9910825235003321 996 $aThe killing season uncut$94111818 997 $aUNINA